Konstruktivnyje metody optimizacii : Časť 1. Linejnyje zadači

Uložené v:
Podrobná bibliografia
Hlavní autori: Gabasov, Rafail (Autor), Kirilova, Faina Michalovna (Autor), Ťaťuškin, A.I (Autor)
Médium: Kniha
Jazyk:Russian
Vydavateľské údaje: Minsk : Universitetskoje, 1984
Vydanie:1. vyd.
Tagy: Pridať tag
Žiadne tagy, Buďte prvý, kto otaguje tento záznam!

MARC

LEADER 00000nam a22000003a 4500
001 stu87730
005 20150617225626.3
008 040611s1984------------------------rus-d
040 |a STU  |b slo 
041 0 |a rus 
080 |a 519.852  |7 stu_us_auth*stu8185 
100 1 |a Gabasov, Rafail  |4 aut 
245 1 |a Konstruktivnyje metody optimizacii :  |b Časť 1. Linejnyje zadači 
250 |a 1. vyd. 
260 |a Minsk :  |b Universitetskoje,  |c 1984 
300 |a 213 s 
700 1 |a Kirilova, Faina Michalovna  |4 aut 
700 1 |a Ťaťuškin, A.I  |4 aut 
996 |b E55565  |c E*55565  |l EE03  |s P  |a 0  |w stu87730_0001